000 00900cam a2200337M 4500
001 98874
005 20230410143211.0
008 080303s2007 sp 000 0 spa d
035 _a(OCoLC)ocn433452486
040 _aBNM
_erdc
_bspa
_cBNM
015 _aMON0803
017 _aM 35891-2007
020 _a9788420687513
020 _a8420687510
035 _a(OCoLC)433452486
080 _a930(038)
049 _aGRAL
050 1 4 _abSA194c 2007
100 1 _aSánchez de Madariaga, Elena.
245 1 0 _aConceptos fundamentales de historia
_cElena Sánchez de Madariaga.
250 _a2a. ed.
260 _aMadrid
_bAlianza
_c2007.
300 _a128 p.
_c17 cm.
490 1 _aConceptos fundamentales
504 _aBibliografía: p. 127-128.
650 7 _aHistoria
_zDiccionarios.
830 0 _aConceptos fundamentales.
942 _2lcc
_cbk
946 _aMAT
994 _aC0
_bDRFGD
999 _c97597
_d97597